00337 a2200109 4500001000700000020000600007040001100013100004100024240007900065245007400144362000900218170381 a  cMagnum aMinisterio da Educacao e do Desporto10aSinopse estatistica/1996 - rondonia/acre/amazonas/roraima/amapa/para/lpor10aSinopse estatistica/1996 - rondonia/acre/amazonas/roraima/amapa/para/0 a1899